00490nam a2200205Ia 4500008004100000020001800041050001600059100001900075245002900094245002200123260001500145260001600160260000900176300001500185300002000200300001000220300004000230440000600270500000800276170918s9999 xx 000 0 und d a9780545288712 bM482oc 2010 aMeadows, Daisy aAlly the dolphin fairy / cby Daisy Meadows. aNew York : bScholastic, c2010 a63 pages : billustrations ; c19cm. eRainbow Magic : The ocean fairies ; a1 a760